Benue Valley Journal of Herder-Farmer Crisis (Record no. 38095)

MARC details
000 -LEADER
fixed length control field 00442nam a2200157Ia 4500
022 ## - INTERNATIONAL STANDARD SERIAL NUMBER
ISSN 27360423
050 ## - CALL MARK
Classification number JC 571 .B46/
245 #0 - TITLE STATEMENT
Title Benue Valley Journal of Herder-Farmer Crisis
260 ## - PUBLICATION, DISTRIBUTION, ETC. (IMPRINT)
Place of publication Benue State, Nigeria
260 ## - PUBLICATION, DISTRIBUTION, ETC. (IMPRINT)
Year of publication 2020
300 ## - PHYSICAL DESCRIPTION
Number of Pages v, 101 p. ; 22 cm.
650 ## - SUBJECT ADDED ENTRY--TOPICAL TERM
Topical Term Human rights. Human rights--Nigeria. Civil rights--Nigeria.
942 ## - ADDED ENTRY ELEMENTS (KOHA)
Koha item type Serials

No items available.